[Event "LSS No Engine Cup 139 Preliminary 0"]
[Site "LSS email"]
[Date "2015.09.23"]
[Round "?"]
[White "Weintoegl, Alfred"]
[Black "Belter, Edmund"]
[Result "0-1"]
[WhiteElo "1084"]
[BlackElo "1549"]
[PlyCount "52"]
[EventDate "2015.09.24"]
[EventType "tourn (corr)"]
[EventRounds "6"]
[EventCountry "GER"]
[SourceTitle "Corr 2022"]
[Source "ChessBase"]
[SourceDate "2021.10.24"]
[SourceVersion "1"]
[SourceVersionDate "2021.10.24"]
[SourceQuality "1"]

1. Nf3 c5 2. Nc3 Nf6 3. g3 Nc6 4. Bg2 e6 5. e3 d5 6. d4 Bd6 7. 0-0 0-0 8. a3 a6 9. b3 b5 10. a4 b4 11. Ne2 a5 12. Qd3 Ba6 13. Qd2 Ne4 14. Qd1 Nc3 15. Qd2 Nxe2+ 16. Kh1 Nxc1 17. Raxc1 Bxf1 18. Bxf1 Qf6 19. Qe2 cxd4 20. exd4 Nxd4 21. Nxd4 Qxd4 22. f3 Rfc8 23. Rd1 Qc5 24. f4 Qxc2 25. Qxc2 Rxc2 26. Bg2 Rac8 0-1

[Event "LSS No Engine Cup 139 Preliminary 0"]
[Site "LSS email"]
[Date "2015.09.23"]
[Round "?"]
[White "Weintoegl, Alfred"]
[Black "Verich, Oleg"]
[Result "0-1"]
[WhiteElo "1084"]
[BlackElo "1475"]
[PlyCount "70"]
[EventDate "2015.09.24"]
[EventType "tourn (corr)"]
[EventRounds "6"]
[EventCountry "GER"]
[SourceTitle "Corr 2022"]
[Source "ChessBase"]
[SourceDate "2021.10.24"]
[SourceVersion "1"]
[SourceVersionDate "2021.10.24"]
[SourceQuality "1"]

1. Nf3 d5 2. c3 c5 3. d4 e6 4. Bf4 Bd6 5. Bxd6 Qxd6 6. g3 c4 7. Na3 Bd7 8. b4 b5 9. Bg2 Nf6 10. 0-0 0-0 11. Qd2 Ne4 12. Ng5 Nxd2 13. Rfd1 h6 14. Rxd2 hxg5 15. Bf3 f5 16. e3 f4 17. exf4 gxf4 18. g4 Qe7 19. Re1 Qh4 20. Nc2 Kf7 21. Re5 Rh8 22. Rh5 Rxh5 23. gxh5 Qh3 24. Ne1 Nc6 25. Bg2 Qxc3 26. Re2 Nxd4 27. Re5 f3 28. Bh3 Ne2+ 29. Kf1 Qxe5 30. Nxf3 Qb2 31. Kg2 Nf4+ 32. Kg3 Nxh5+ 33. Kg4 Rh8 34. Ng5+ Kg6 35. a4 Qxf2 0-1

[Event "LSS No Engine Cup 130 Preliminary 0"]
[Site "LSS email"]
[Date "2015.05.02"]
[Round "?"]
[White "Molina, Vicente Andres"]
[Black "Weintoegl, Alfred"]
[Result "1-0"]
[WhiteElo "1062"]
[BlackElo "1095"]
[PlyCount "80"]
[EventDate "2015.05.03"]
[EventType "tourn (corr)"]
[EventRounds "6"]
[EventCountry "GER"]
[SourceTitle "Corr 2022"]
[Source "ChessBase"]
[SourceDate "2021.10.24"]
[SourceVersion "1"]
[SourceVersionDate "2021.10.24"]
[SourceQuality "1"]

1. c4 e6 2. d4 c5 3. d5 Qa5+ 4. Nc3 Bd6 5. e4 Ne7 6. Nf3 0-0 7. Bd3 f6 8. dxe6 dxe6 9. 0-0 Nbc6 10. Nb5 Be5 11. Nxe5 Nxe5 12. Be2 a6 13. Bd2 Qd8 14. Nc3 b6 15. f4 N5g6 16. Qc2 Bb7 17. Bf3 Qd4+ 18. Kh1 f5 19. e5 Bxf3 20. Rxf3 Qxc4 21. Qd3 Qxd3 22. Rxd3 b5 23. Rc1 b4 24. Na4 a5 25. Nxc5 h5 26. Nxe6 Nxf4 27. Nxf4 g6 28. h3 Kh7 29. Ne6 Rg8 30. Rc7 Rae8 31. Ng5+ Kg7 32. Rdd7 Kh8 33. Rxe7 Rxe7 34. Rxe7 Rg7 35. Re8+ Rg8 36. Nf7+ Kg7 37. Rxg8+ Kxg8 38. e6 Kf8 39. Bg5 Ke8 40. Nd6+ Kf8 1-0

[Event "LSS No Engine Cup 130 Preliminary 0"]
[Site "LSS email"]
[Date "2015.05.02"]
[Round "?"]
[White "Weintoegl, Alfred"]
[Black "Kiryushin, Anatoly"]
[Result "0-1"]
[WhiteElo "1095"]
[BlackElo "2071"]
[PlyCount "26"]
[EventDate "2015.05.03"]
[EventType "tourn (corr)"]
[EventRounds "6"]
[EventCountry "GER"]
[SourceTitle "Corr 2022"]
[Source "ChessBase"]
[SourceDate "2021.10.24"]
[SourceVersion "1"]
[SourceVersionDate "2021.10.24"]
[SourceQuality "1"]

1. d4 Nf6 2. Bg5 Ne4 3. Be3 d5 4. f3 Nd6 5. g4 Nc4 6. Qd3 Nc6 7. a4 Nb4 8. Qb3 Nxe3 9. Ra3 Nbxc2+ 10. Kd2 c6 11. Nc3 Nxd4 12. Qb4 Nxf1+ 13. Kd3 e5 0-1

[Event "LSS No Engine Cup 130 Preliminary 0"]
[Site "LSS email"]
[Date "2015.05.02"]
[Round "?"]
[White "Weintoegl, Alfred"]
[Black "Lukin, Andrey"]
[Result "0-1"]
[WhiteElo "1095"]
[BlackElo "1600"]
[PlyCount "50"]
[EventDate "2015.05.03"]
[EventType "tourn (corr)"]
[EventRounds "6"]
[EventCountry "GER"]
[SourceTitle "Corr 2022"]
[Source "ChessBase"]
[SourceDate "2021.10.24"]
[SourceVersion "1"]
[SourceVersionDate "2021.10.24"]
[SourceQuality "1"]

1. Nf3 Nf6 2. g3 g6 3. Bg2 d5 4. d4 Bg7 5. Be3 0-0 6. 0-0 Nbd7 7. Nc3 b6 8. b4 Bb7 9. Bg5 a6 10. a4 c5 11. b5 a5 12. Ne5 cxd4 13. Qxd4 Nc5 14. Rfd1 Ne6 15. Bxf6 Nxd4 16. Rxd4 Bxf6 17. Bxd5 Bxd5 18. Rxd5 Qc7 19. Nc6 Bxc3 20. Ra3 Bf6 21. e4 e6 22. Rdd3 Rac8 23. f4 Qb7 24. e5 Be7 25. Rac3 Bc5+ 0-1

[Event "LSS No Engine Cup 130 Preliminary 0"]
[Site "LSS email"]
[Date "2015.05.02"]
[Round "?"]
[White "Weintoegl, Alfred"]
[Black "Stadler, Pavel"]
[Result "0-1"]
[WhiteElo "1095"]
[BlackElo "1760"]
[PlyCount "40"]
[EventDate "2015.05.03"]
[EventType "tourn (corr)"]
[EventRounds "6"]
[EventCountry "GER"]
[SourceTitle "Corr 2022"]
[Source "ChessBase"]
[SourceDate "2021.10.24"]
[SourceVersion "1"]
[SourceVersionDate "2021.10.24"]
[SourceQuality "1"]

1. d4 d5 2. e3 Bf5 3. g4 Bg6 4. f4 e6 5. Bb5+ c6 6. Ba4 Qh4+ 7. Kd2 Be4 8. Nf3 Qxg4 9. Rf1 Nf6 10. Nc3 Bb4 11. a3 Bxc3+ 12. Kxc3 Nbd7 13. b4 0-0 14. Rb1 a5 15. b5 Nb6 16. bxc6 Nxa4+ 17. Kd2 bxc6 18. Rb6 Nxb6 19. Ne5 Qxd1+ 20. Kxd1 Rfc8 0-1

[Event "LSS No Engine Cup 109 Preliminary 7"]
[Site "LSS email"]
[Date "2014.04.26"]
[Round "?"]
[White "Lombardi, Donato"]
[Black "Weintoegl, Alfred"]
[Result "1-0"]
[WhiteElo "750"]
[BlackElo "606"]
[PlyCount "49"]
[EventDate "2014.04.27"]
[EventType "tourn (corr)"]
[EventRounds "6"]
[EventCountry "GER"]
[SourceTitle "Corr 2015"]
[Source "ChessBase"]
[SourceDate "2015.07.17"]
[SourceVersion "1"]
[SourceVersionDate "2015.07.17"]
[SourceQuality "1"]

1. e4 e5 2. Nf3 g5 3. d4 f6 4. dxe5 Bb4+ 5. c3 Ba5 6. exf6 Nxf6 7. Bxg5 h6 8. Bh4 d6 9. e5 dxe5 10. Qxd8+ Kxd8 11. Bxf6+ Kd7 12. Bxh8 a6 13. Nxe5+ Kd6 14. Nc4+ Kd5 15. Nxa5 b6 16. Bc4+ Ke4 17. f3+ Kf4 18. Nb3 Nc6 19. Bd5 Bb7 20. Bf6 Re8+ 21. Kf2 Kf5 22. Bh4 Re5 23. g4+ Kf4 24. Bg3+ Kg5 25. Bxe5 1-0

[Event "LSS No Engine Cup 109 Preliminary 7"]
[Site "LSS email"]
[Date "2014.04.26"]
[Round "?"]
[White "Ruzicka, Richard"]
[Black "Weintoegl, Alfred"]
[Result "1-0"]
[WhiteElo "1332"]
[BlackElo "606"]
[PlyCount "77"]
[EventDate "2014.04.27"]
[EventType "tourn (corr)"]
[EventRounds "6"]
[EventCountry "GER"]
[SourceTitle "Corr 2015"]
[Source "ChessBase"]
[SourceDate "2015.07.17"]
[SourceVersion "1"]
[SourceVersionDate "2015.07.17"]
[SourceQuality "1"]

1. e4 e5 2. Nf3 Nc6 3. Bb5 Nd4 4. Nxd4 exd4 5. 0-0 c6 6. Bc4 b5 7. Bb3 a5 8. a4 b4 9. d3 Qf6 10. e5 Qxe5 11. Re1 Qxe1+ 12. Qxe1+ Ne7 13. Bg5 f6 14. Bf4 g5 15. Bd6 Kd8 16. Nd2 Bb7 17. Nc4 h5 18. Nb6 Ra6 19. Nc4 Rh7 20. f4 g4 21. Qh4 Rh6 22. Re1 c5 23. Bxe7+ Bxe7 24. f5 d5 25. Nd2 Bc8 26. Qf2 Rd6 27. Nf1 h4 28. Qf4 Bf8 29. Qxg4 Kc7 30. Re8 Rd8 31. Rxd8 Kxd8 32. Bxd5 Kd7 33. Be6+ Kc7 34. Bxc8 Kxc8 35. Qg8 Kc7 36. Qxf8 Rh5 37. Qxf6 Rh7 38. Qe5+ Kb7 39. f6 1-0

[Event "LSS No Engine Cup 109 Preliminary 7"]
[Site "LSS email"]
[Date "2014.04.26"]
[Round "?"]
[White "Weintoegl, Alfred"]
[Black "Zonneveld, Will"]
[Result "0-1"]
[WhiteElo "606"]
[BlackElo "1923"]
[PlyCount "60"]
[EventDate "2014.04.27"]
[EventType "tourn (corr)"]
[EventRounds "6"]
[EventCountry "GER"]
[SourceTitle "Corr 2015"]
[Source "ChessBase"]
[SourceDate "2015.07.17"]
[SourceVersion "1"]
[SourceVersionDate "2015.07.17"]
[SourceQuality "1"]

1. Nf3 d5 2. d4 Nf6 3. g3 c6 4. Bg2 Bf5 5. Bg5 Nbd7 6. 0-0 h6 7. Be3 e6 8. Nc3 Bd6 9. a3 0-0 10. h3 Re8 11. g4 Bg6 12. Nh4 Nxg4 13. hxg4 Qxh4 14. f4 Nf6 15. Rf3 Nxg4 16. Rh3 Qf6 17. b4 Nxe3 18. Rxe3 Bxf4 19. Rf3 Bh5 20. Rh3 Bg4 21. Rd3 e5 22. Na4 exd4 23. c3 Bxe2 24. Qd2 Bxd2 25. Rxd2 dxc3 26. Rc2 Qd4+ 27. Kh2 Re5 28. Nxc3 Rh5+ 29. Bh3 Qf2+ 30. Kh1 Rxh3# 0-1

[Event "LSS No Engine Cup 100 Preliminary 4"]
[Site "LSS email"]
[Date "2013.12.13"]
[Round "?"]
[White "Iula, Massimo"]
[Black "Weintoegl, Alfred"]
[Result "1-0"]
[WhiteElo "1440"]
[BlackElo "585"]
[PlyCount "67"]
[EventDate "2013.12.14"]
[EventType "tourn (corr)"]
[EventRounds "6"]
[EventCountry "GER"]
[SourceTitle "Telechess CBM 167"]
[Source "ChessBase"]
[SourceDate "2015.07.13"]
[SourceVersion "1"]
[SourceVersionDate "2015.07.13"]
[SourceQuality "1"]

1. e4 e5 2. Nf3 Bd6 3. Bc4 Qf6 4. Nc3 c6 5. d4 b5 6. Bb3 Ne7 7. Bg5 Qg6 8. h4 h5 9. dxe5 Bc5 10. Qd3 0-0 11. Ne2 a5 12. Nf4 Qh7 13. a3 a4 14. Ba2 b4 15. axb4 Bxb4+ 16. c3 Bc5 17. Qc4 d5 18. Qxc5 Re8 19. Bxe7 Qxe4+ 20. Ne2 Qc2 21. Nfd4 Qxb2 22. 0-0 Qxe2 23. Nxe2 Ba6 24. Rfe1 Bb5 25. Nf4 Nd7 26. Qb4 Rab8 27. Qd6 Nb6 28. e6 f6 29. Nxh5 Kh7 30. Nxf6+ gxf6 31. Bb1+ Kh6 32. Qf4+ Kh5 33. Qf5+ Kxh4 34. Bxf6# 1-0

[Event "LSS No Engine Cup 100 Preliminary 4"]
[Site "LSS email"]
[Date "2013.12.13"]
[Round "?"]
[White "Weintoegl, Alfred"]
[Black "Pavlicek, Miroslav"]
[Result "0-1"]
[WhiteElo "585"]
[BlackElo "1553"]
[PlyCount "53"]
[EventDate "2013.12.14"]
[EventType "tourn (corr)"]
[EventRounds "6"]
[EventCountry "GER"]
[SourceTitle "Telechess CBM 167"]
[Source "ChessBase"]
[SourceDate "2015.07.13"]
[SourceVersion "1"]
[SourceVersionDate "2015.07.13"]
[SourceQuality "1"]

1. Nf3 g6 2. g3 Bg7 3. Bg2 d5 4. c3 c5 5. b4 cxb4 6. cxb4 Bxa1 7. 0-0 Bg7 8. d3 Nf6 9. Bb2 0-0 10. Be5 Nc6 11. Qb3 Bg4 12. h3 Bxf3 13. Bxf3 Nxe5 14. Nd2 Nxf3+ 15. Nxf3 Qd7 16. g4 Rac8 17. Ne5 Qc7 18. a4 Qxe5 19. e3 Rc3 20. d4 Qxe3 21. fxe3 Rxb3 22. b5 Rxe3 23. g5 Ne4 24. Kg2 Bxd4 25. Rf3 Nxg5 26. Rxe3 Bxe3 27. Kf1 0-1

[Event "LSS No Engine Cup 100 Preliminary 4"]
[Site "LSS email"]
[Date "2013.12.13"]
[Round "?"]
[White "Weintoegl, Alfred"]
[Black "Vio, Mauro"]
[Result "0-1"]
[WhiteElo "585"]
[BlackElo "1386"]
[PlyCount "60"]
[EventDate "2013.12.14"]
[EventType "tourn (corr)"]
[EventRounds "6"]
[EventCountry "GER"]
[SourceTitle "Telechess CBM 167"]
[Source "ChessBase"]
[SourceDate "2015.07.13"]
[SourceVersion "1"]
[SourceVersionDate "2015.07.13"]
[SourceQuality "1"]

1. Nf3 Nf6 2. g3 e6 3. Bg2 Be7 4. 0-0 0-0 5. d4 d5 6. c3 Nc6 7. Be3 Ne4 8. b4 a5 9. b5 Na7 10. Qc2 Nxb5 11. c4 Nbd6 12. Na3 f6 13. c5 Nf5 14. Bf4 g5 15. Be3 e5 16. dxe5 Nxe3 17. fxe3 Bxc5 18. Qb3 c6 19. Rac1 a4 20. Qd3 b6 21. Nc2 Ba6 22. Qd1 Nc3 23. Qe1 Nxe2+ 24. Qxe2 Bxe2 25. Rfe1 Bxf3 26. Bxf3 fxe5 27. Kg2 Qf6 28. e4 Qxf3+ 29. Kh3 Rf6 30. Ne3 Rh6# 0-1

[Event "LSS No Engine Cup 94 Preliminary 5"]
[Site "LSS email"]
[Date "2013.09.08"]
[Round "?"]
[White "Neumann, Frank"]
[Black "Weintoegl, Alfred"]
[Result "0-1"]
[WhiteElo "547"]
[BlackElo "595"]
[PlyCount "50"]
[EventDate "2013.09.09"]
[EventType "tourn (corr)"]
[EventRounds "6"]
[EventCountry "GER"]
[SourceTitle "Telechess CBM 163"]
[Source "ChessBase"]
[SourceDate "2014.11.11"]
[SourceVersion "2"]
[SourceVersionDate "2014.11.11"]
[SourceQuality "1"]

1. c4 e5 2. Nc3 Bc5 3. e3 Nc6 4. Nf3 Nf6 5. a3 0-0 6. Be2 d6 7. 0-0 e4 8. Ng5 h6 9. Ngxe4 Bf5 10. Bf3 Re8 11. Nxc5 dxc5 12. b3 Bd3 13. Re1 Re5 14. Bb2 Rg5 15. Ne4 Nxe4 16. Qc1 Qd6 17. a4 Na5 18. Bxe4 Bxe4 19. Qc3 Rxg2+ 20. Kf1 b6 21. Re2 Bd3 22. Kxg2 Qg6+ 23. Kh1 Bxe2 24. Rg1 Bf3+ 25. Rg2 Qxg2# 0-1

[Event "LSS No Engine Cup 92 Preliminary 4"]
[Site "LSS email"]
[Date "2013.07.27"]
[Round "?"]
[White "Semenov, Zhenya"]
[Black "Weintoegl, Alfred"]
[Result "1-0"]
[WhiteElo "869"]
[BlackElo "595"]
[PlyCount "81"]
[EventDate "2013.07.28"]
[EventType "tourn (corr)"]
[EventRounds "6"]
[EventCountry "GER"]
[SourceTitle "Telechess CBM 163"]
[Source "ChessBase"]
[SourceDate "2014.11.11"]
[SourceVersion "2"]
[SourceVersionDate "2014.11.11"]
[SourceQuality "1"]

1. Nf3 Nc6 2. g3 b6 3. Bg2 f6 4. 0-0 e5 5. Nc3 Bd6 6. d4 Nge7 7. d5 Nb4 8. a3 Na6 9. Nb5 Bc5 10. b4 Bd4 11. d6 cxd6 12. Nxd6+ Kf8 13. Nxd4 exd4 14. Bxa8 Qc7 15. Nxc8 Qxc8 16. Bg2 Qc4 17. Qd3 Qxd3 18. cxd3 Kf7 19. Bb2 Nf5 20. g4 Nd6 21. Bxd4 Re8 22. Bd5+ Kg6 23. e3 f5 24. gxf5+ Kxf5 25. Bf3 g5 26. e4+ Kf4 27. Bh5 Re6 28. Be3+ Ke5 29. Bg4 Rg6 30. Bxd7 h5 31. f3 g4 32. f4+ Kf6 33. e5+ Ke7 34. f5 Rg8 35. Be6 Rf8 36. exd6+ Kxd6 37. Rac1 Nc7 38. Bf4+ Ke7 39. Rxc7+ Kf6 40. d4 h4 41. Rxa7 1-0

[Event "ZN-2013-0-02331"]
[Site "LSS email"]
[Date "2013.06.15"]
[Round "?"]
[White "Weintoegl, Alfred"]
[Black "Venturas, Bob"]
[Result "0-1"]
[WhiteElo "591"]
[BlackElo "731"]
[PlyCount "80"]
[EventDate "2013.06.10"]
[EventType "match (corr)"]
[EventRounds "2"]
[EventCountry "GER"]
[SourceTitle "Telechess CBM 161"]
[Source "ChessBase"]
[SourceDate "2014.07.16"]
[SourceVersion "1"]
[SourceVersionDate "2014.07.16"]
[SourceQuality "1"]

1. e4 e5 2. Nc3 Nc6 3. Bb5 d6 4. Bxc6+ bxc6 5. Nf3 Ba6 6. d3 h6 7. 0-0 Nf6 8. g3 Qd7 9. Bd2 Qh3 10. Kh1 Bc8 11. Ng1 Qe6 12. f4 exf4 13. Rxf4 Be7 14. Qf3 Bb7 15. Rf1 c5 16. b4 cxb4 17. Nd5 Bxd5 18. exd5 Qxd5 19. Qxd5 Nxd5 20. Rxf7 Nf6 21. Rxg7 Kd7 22. c3 c5 23. Rxf6 Rae8 24. Rff7 Ke6 25. Rh7 Bf6 26. Bxh6 bxc3 27. Rxa7 c2 28. Bc1 Kd5 29. Raf7 Bd4 30. Nf3 Rxh7 31. Rxh7 Rf8 32. Kg2 Ra8 33. a3 Rb8 34. Rh5+ Kc6 35. h4 Rb1 36. Nxd4+ cxd4 37. Rf5 Rxc1 38. Rf1 Rxf1 39. Kxf1 c1Q+ 40. Kf2 Qe3+ 0-1

[Event "IECC KO-1080"]
[Site "IECC email"]
[Date "2011.09.07"]
[Round "?"]
[White "Reni, Norbert"]
[Black "Weintoegl, Alfred"]
[Result "1-0"]
[WhiteElo "1197"]
[BlackElo "972"]
[PlyCount "71"]
[EventDate "2010.??.??"]
[EventType "match (corr)"]
[EventRounds "2"]
[SourceTitle "Telechess CBM 149"]
[Source "ChessBase"]
[SourceDate "2012.07.17"]
[SourceVersion "1"]
[SourceVersionDate "2012.07.17"]
[SourceQuality "1"]
[WhiteTeam "Australia"]
[BlackTeam "Austria"]
[WhiteTeamCountry "AUS"]
[BlackTeamCountry "AUT"]

1. e4 c6 2. d4 d5 3. e5 Be6 4. Nf3 Nd7 5. Bd3 f6 6. Bf4 g5 7. Nxg5 fxg5 8. Bxg5 h6 9. Bh4 Qc7 10. Bg6+ Kd8 11. Bg3 Bg7 12. Qe2 b5 13. Nd2 h5 14. 0-0 Rh6 15. Bxh5 Qb6 16. Nb3 Rc8 17. c3 c5 18. Bf3 c4 19. Nd2 Rg6 20. b3 a5 21. a4 bxa4 22. bxc4 dxc4 23. Rfb1 Qa7 24. Be4 Rh6 25. Nf3 Bg4 26. Bd5 Nb6 27. Bxg8 Bf5 28. Ng5 Rhc6 29. Re1 e6 30. Bf7 Nd5 31. Qb2 Bh6 32. Bh4 Bf8 33. Nxe6+ Kd7 34. Nxf8+ Rxf8 35. Bxd5 Rb6 36. Qa3 1-0

[Event "IECC KO-1080"]
[Site "IECC email"]
[Date "2010.06.12"]
[Round "?"]
[White "Weintoegl, Alfred"]
[Black "Hayes, Ian"]
[Result "1-0"]
[WhiteElo "934"]
[BlackElo "1117"]
[PlyCount "31"]
[EventDate "2010.??.??"]
[EventType "match (corr)"]
[EventRounds "2"]
[SourceTitle "Corr 2013"]
[Source "ChessBase"]
[SourceDate "2012.11.12"]
[SourceVersion "1"]
[SourceVersionDate "2012.11.12"]
[SourceQuality "1"]
[WhiteTeam "England"]
[BlackTeam "Austria"]
[WhiteTeamCountry "ENG"]
[BlackTeamCountry "AUT"]

1. Nf3 e6 2. c4 d6 3. g3 Na6 4. Bg2 Nc5 5. d3 Nf6 6. b4 Na6 7. Bd2 d5 8. Qb3 Nxb4 9. Bxb4 Bxb4+ 10. Qxb4 dxc4 11. Qxc4 Qe7 12. Nbd2 0-0 13. Ng5 h6 14. h4 hxg5 15. hxg5 Nh7 16. Qh4 1-0

[Event "IECC CL8-2007.05 email"]
[Site "IECC email"]
[Date "2007.09.27"]
[Round "?"]
[White "Weintoegl, Alfred"]
[Black "Ballueder, Volker"]
[Result "0-1"]
[WhiteElo "974"]
[BlackElo "875"]
[PlyCount "70"]
[EventDate "2007.??.??"]
[EventType "tourn (corr)"]
[EventRounds "4"]
[SourceTitle "Corr 2020"]
[Source "ChessBase"]
[SourceDate "2019.09.30"]
[SourceVersion "1"]
[SourceVersionDate "2019.09.30"]
[SourceQuality "1"]
[WhiteTeam "Austria"]
[BlackTeam "England"]
[WhiteTeamCountry "AUT"]
[BlackTeamCountry "ENG"]

1. e4 e5 2. f4 exf4 3. Bc4 d6 4. Ne2 Bg4 5. d3 f3 6. gxf3 Bxf3 7. Rf1 Bg2 8. Rxf7 Qh4+ 9. Ng3 Qxh2 10. Rxf8+ Kxf8 11. Bf4 Qg1+ 12. Kd2 Qf2+ 13. Ne2 Nf6 14. Nbc3 Nh5 15. Qg1 Qf3 16. Re1 Nxf4 17. d4 Nxe2 18. Rxe2 Qf4+ 19. Kd1 Bf3 20. Qf2 Bxe2+ 21. Kxe2 Qxf2+ 22. Kxf2 Ke7 23. Nd5+ Kd7 24. Nf4 Rf8 25. Ke3 Nc6 26. d5 Ne5 27. Bb5+ c6 28. dxc6+ bxc6 29. Be2 Rab8 30. b3 Rfe8 31. c4 g5 32. Nh5 Rf8 33. Kd4 c5+ 34. Kd5 Rf2 35. Ng3 Rg2 0-1

[Event "IECG TE.2005.P.02001"]
[Site "IECG email"]
[Date "2005.12.19"]
[Round "?"]
[White "Dorairaj, Arthur"]
[Black "Weintoegl, Alfred"]
[Result "1-0"]
[WhiteElo "1900"]
[BlackElo "800"]
[PlyCount "51"]
[EventDate "2005.12.19"]
[EventType "tourn (corr)"]
[EventRounds "8"]
[SourceTitle "Corr 2008"]
[Source "ChessBase"]
[SourceDate "2008.06.24"]
[SourceVersion "1"]
[SourceVersionDate "2008.06.24"]
[SourceQuality "1"]

1. e4 e5 2. Nf3 Nc6 3. c3 d6 4. Bb5 Bd7 5. d4 Nf6 6. d5 Ne7 7. Bd3 c6 8. c4 Qb6 9. 0-0 0-0-0 10. Qb3 Qxb3 11. axb3 a6 12. Nc3 h6 13. b4 g5 14. Be3 Ng4 15. Bb6 Re8 16. b5 cxd5 17. cxd5 Kb8 18. bxa6 bxa6 19. Rxa6 Nc8 20. Ba5 Nf6 21. Ra1 Na7 22. Rb6+ Ka8 23. Rb4 Rb8 24. Bb6 Rb7 25. Ba6 Rb8 26. Bc8 1-0

[Event "IECC CL8-2004.13 email"]
[Site "IECC email"]
[Date "2004.12.15"]
[Round "?"]
[White "Ballueder, Volker"]
[Black "Weintoegl, Alfred"]
[Result "0-1"]
[WhiteElo "942"]
[BlackElo "1010"]
[PlyCount "70"]
[EventDate "2004.??.??"]
[EventType "tourn (corr)"]
[EventRounds "4"]
[SourceTitle "Corr 2008"]
[Source "ChessBase"]
[SourceDate "2008.06.24"]
[SourceVersion "1"]
[SourceVersionDate "2008.06.24"]
[SourceQuality "1"]

1. e4 c6 2. d4 d5 3. e5 Bf5 4. Ne2 e6 5. Ng3 Ne7 6. Bd3 g6 7. 0-0 Qc7 8. Bg5 Nd7 9. Nc3 0-0-0 10. Bxe7 Bxe7 11. Nxf5 gxf5 12. Qh5 Rdf8 13. a3 Qb6 14. b4 Qxd4 15. Ne2 Qxe5 16. Rfe1 Nf6 17. Qf3 Ng4 18. Ng3 Qf6 19. h3 Ne5 20. Qe3 f4 21. Qxa7 fxg3 22. Qa8+ Kc7 23. Qa5+ Kd7 24. fxg3 Rfg8 25. Rf1 Qg5 26. g4 h5 27. h4 Qxg4 28. Rf2 Nf3+ 29. Kf1 Nh2+ 30. Kg1 Qxh4 31. Qc5 Bxc5 32. bxc5 Rg4 33. Re1 Rhg8 34. Re3 f5 35. Rh3 Qxh3 0-1

[Event "IECC KO-1049"]
[Site "IECC email"]
[Date "2004.09.07"]
[Round "?"]
[White "Weintoegl, Alfred"]
[Black "Bottoni, Carlo"]
[Result "0-1"]
[WhiteElo "998"]
[BlackElo "1155"]
[PlyCount "50"]
[EventDate "2004.??.??"]
[EventType "match (corr)"]
[EventRounds "2"]
[SourceTitle "Corr 2020"]
[Source "ChessBase"]
[SourceDate "2019.09.30"]
[SourceVersion "1"]
[SourceVersionDate "2019.09.30"]
[SourceQuality "1"]
[WhiteTeam "Austria"]
[BlackTeam "Italy"]
[WhiteTeamCountry "AUT"]
[BlackTeamCountry "ITA"]

1. d4 Nf6 2. c4 g6 3. Nc3 Bg7 4. e4 d6 5. Nf3 0-0 6. Qd3 c5 7. Bf4 cxd4 8. Nd5 Nfd7 9. Be2 Nc5 10. Qa3 Nxe4 11. 0-0 e6 12. Bd3 exd5 13. Bxd6 Qxd6 14. Qxd6 Nxd6 15. cxd5 Nd7 16. Rfe1 Nc5 17. Rad1 Nxd3 18. Rxd3 Bf5 19. Rdd1 Rfe8 20. Rxe8+ Rxe8 21. h3 Bc2 22. Re1 Rxe1+ 23. Nxe1 d3 24. Nxd3 Bxd3 25. g4 Bxb2 0-1

[Event "IECC Swiss-489.1"]
[Site "IECC email"]
[Date "2004.08.30"]
[Round "?"]
[White "Krunski, Jan Maria"]
[Black "Weintoegl, Alfred"]
[Result "1-0"]
[WhiteElo "1619"]
[BlackElo "1007"]
[PlyCount "47"]
[EventDate "2004.??.??"]
[EventType "swiss (corr)"]
[EventRounds "1"]
[SourceTitle "Corr 2020"]
[Source "ChessBase"]
[SourceDate "2019.09.30"]
[SourceVersion "1"]
[SourceVersionDate "2019.09.30"]
[SourceQuality "1"]
[WhiteTeam "Poland"]
[BlackTeam "Austria"]
[WhiteTeamCountry "POL"]
[BlackTeamCountry "AUT"]

1. e4 c6 2. d4 d5 3. e5 Bf5 4. Nf3 h5 5. Be2 g6 6. 0-0 Qc7 7. c4 Nd7 8. cxd5 c5 9. Nh4 cxd4 10. Nxf5 gxf5 11. e6 fxe6 12. dxe6 Ne5 13. Bb5+ Nc6 14. Qxd4 Nf6 15. Qc5 0-0-0 16. Bxc6 Qxc6 17. Qxa7 Bh6 18. Bxh6 Rxh6 19. Na3 Qxe6 20. Rac1+ Kd7 21. Qa4+ Kd6 22. Nb5+ Ke5 23. f4+ Kd5 24. Rfd1# 1-0